Statistics for Diamond Puzzle #2

Click here to take the quiz!

General Stats

  • This quiz has been taken 208 times
  • The average score is 10 of 20

Answer Stats

Hint Answer % Correct
NAnger, rageIRE
96%
TAmbulance alertSIREN
94%
IConcerningRE
93%
ExistsIS
81%
RIndian dressSARI
73%
NDownpoursRAINS
72%
SIreland, poeticallyERIN
65%
A"Chandelier" singerSIA
65%
CPut insideINSERT
57%
EMurder mystery poisonARSENIC
46%
OWater-storage tankCISTERN
40%
IBurial alternativesCREMATIONS
38%
IProposed by evolution deniersCREATIONISM
30%
CAustralian cityCAIRNS
28%
TResponses to actionsREACTIONS
27%
MMost hokeyCORNIEST
22%
OHypothetical situationSCENARIO
21%
ASchool sound systemsINTERCOMS
19%
MBeasts (part lion, man, dragon)MANTICORES
7%
Treat as idealised or heroicROMANTICISE
4%

Score Distribution

Percentile by Number Answered

Percent of People with Each Score

Your Score History

You have not taken this quiz